| 000 | 00000nas 2200000za 4500 |
| 001 | 9.511907 |
| 003 | CaOODSP |
| 005 | 20240624082204 |
| 007 | ta |
| 008 | 150406c1992||||xxc|| p #||||f| |0fre|d |
| 022 | |a1193-7637 |
| 040 | |aCaOODSP|bfre |
| 041 | |aeng |
| 041 | |afre |
| 043 | |an-cn--- |
| 086 | 1 |aCP1-1 |
| 245 | 00|aRapport annuel au Premier ministre sur la fonction publique du Canada |
| 260 | |aOttawa - Ontario : |bBureau du Conseil privé |
| 310 | |aAnnuel |
| 362 | 1 |a1e (1992)-- |
| 520 | 3 |aIl traite des principaux thèmes abordés dans le cadre du renouvellement de la fonction publique et rend compte des progrès accomplis à ce chapitre au cours de la dernière année, en plus d’établir les domaines d’action prioritaires de l’avenir. |
| 691 | 07|aFonction publique|2gcpds |
| 710 | 1 |aCanada. |bBureau du Conseil privé. |
| 791 | |tAnnual report to the Prime Minister on the public service of Canada |eeng|w(CaOODSP)9.511906 |